000
00459nam a22001337a 4500
003
SGT
020
_a
9789381224083
082
_a
200
_b
B15K
100
_a
कोठरी, गुलाब
245
_a
ब्रह्म विवर्त : क्या हैं सृष्टि के विस्तार
260
_b
ओझा वैदिक अध्ययन एवं शोध संस्थान
_c
2015
300
_a
310
942
_2
ddc
_c
BK
999
_c
31705
_d
31705